Central Library OPAC University of Rajshahi

Sir Alfred Ewing : (Record no. 70371)

MARC details
000 -LEADER
fixed length control field 00738nam a2200229 a 4500
001 - CONTROL NUMBER
control field 70371
003 - CONTROL NUMBER IDENTIFIER
rucl marc code BD-RjUL
005 - DATE AND TIME OF LATEST TRANSACTION
control field 20211209082006.0
008 - FIXED-LENGTH DATA ELEMENTS--GENERAL INFORMATION
fixed length control field 170417r19481946enka b 000 0beng d
035 ## - SYSTEM CONTROL NUMBER
System control number (BD-RjUL)70585
040 ## - CATALOGING SOURCE
Original cataloging agency DLC
Transcribing agency GAT
Modifying agency GAT
-- BD-RjUL
Language of cataloging eng
041 ## - LANGUAGE CODE
Language code of text/sound track or separate title eng
082 ## - DEWEY DECIMAL CLASSIFICATION NUMBER
Edition number 23
Classification number 530.092
Author mark and year BAS 1948
100 1# - MAIN ENTRY--PERSONAL NAME
Personal name Bates, L. F.
Fuller form of name (Leslie Fleetwood)
9 (RLIN) 200551
245 00 - TITLE STATEMENT
Title Sir Alfred Ewing :
Remainder of title a pioneer in physics and engineering /
Statement of responsibility, etc. L. F. Bates,
260 ## - PUBLICATION, DISTRIBUTION, ETC. (IMPRINT)
Place of publication, distribution, etc. London,
-- New York,
Name of publisher, distributor, etc. Pub. for the British Council by Longmans, Green
Date of publication, distribution, etc. [1946]
300 ## - PHYSICAL DESCRIPTION
Pagination 38 p. :
Illustrations ill. ;
Size 23 cm.
600 10 - SUBJECT ADDED ENTRY--PERSONAL NAME
Personal name Ewing, J. A.
Fuller form of name (James Alfred),
Dates associated with a name 1855-1935.
650 ## - SUBJECT ADDED ENTRY--TOPICAL TERM
Topical term or geographic name as entry element Physics
9 (RLIN) 209087
942 ## - ADDED ENTRY ELEMENTS (KOHA)
Source of classification or shelving scheme Dewey Decimal Classification
Koha item type Books
Holdings
Lost status Source of classification or shelving scheme Damaged status Not for loan Collection code Permanent Location Current Location Shelving location Date acquired Source of acquisition Cost, normal purchase price Total Checkouts Full call number Date last seen Copy number Koha item type
  Dewey Decimal Classification   Not For Loan Non-fiction Central Library, University of Rajshahi Central Library, University of Rajshahi Reading Room 30/06/1961 Dhaka, British council 0.00   530.092 BAS 1948 17/04/2017 C-1 Books